แสดงรายละเอียดบรรณานุกรม
  กลับหน้าหลัก

Brief Record : Get Marc (ISO 2709) : E-mail record : QR code ปิดหน้าต่าง
E-books : เกี่ยวกับ Collections
LEADER 00000nam 2200000uu 4500
008    140515s2008||||th 000 0 eng d
020    ^a9780415439961
040    ^abcnkk
041 0  ^aeng
060  4 ^aWQ39^bT958c 2008
100 1  ^aTurrentine, John E
245 10 ^aClinical protocols in obstetrics and gynecology /^cJohn E.Turrentine
250    ^a3rd ed
260    ^aLondon :^bInforma Healthcare,^cc2008
300    ^ax, 435 p. :^bill
500    ^aPrevious ed.: Lancaster: Parthenon, 2003
650  2 ^aObstetrics^xmethods^vhandbooks
650  2 ^aClinical protocols
650  2 ^aGynecology^xmethods^vhandbooks
รายการนี้ยังไม่มีแท็ก
คุณยังไม่ได้ล็อกอิน คุณสามารถมีกิจกรรมร่วมกับเว็บไซต์ได้ แต่ต้องล็อกอินก่อน ::
  ล็อกอิน
ลำดับที่ ประเภท เลขเรียก สถานที่ สถานะ
1. หนังสือทั่วไป
หนังสือทั่วไป
WQ39 T958c 2008  
  
การพยาบาลมารดาทารก On Shelf
  ขอยืม
Note:ปีงบประมาณ2557
   [แสดง 1/1 รายการ]

รายการใกล้เคียง
    หัวเรื่อง [Clinical protocols]

BibComment


ยังไม่เคยถูกคอมเมนท์

คอมเมนท์ทรัพยากรรายการนี้
  คอมเมนท์: Clinical protoco..
Bib 209849

 
 
 

 Union Library Management : ULibM
Copyright 2026. All Rights Reserved.
скачать бесплатно без регистрации порно красивый секс HD Sex Hindi sex

xxx gou

xxxx

bfxxx

xxxwww

Секса Видео

xxxx

Секса Видео

detube

geilexxx

C99 Shell

worms shell

blod xxx video
Ebony Coed Rihanna Rimes Takes A Dick In Her Young Twat priyaa indian fuck anal and pusssy hardcore indian women xxx desi hardcore fucking part 1 bengalixxxcouple